| 000 | 04167nam0a2200553 4500 | ||
|---|---|---|---|
| 001 | RU\NLR\BIBL_A\012008583 | ||
| 005 | 20250809113150.0 | ||
| 020 |
_aRU _9Ленинград в Великой Отечественной войне. Коллекция. Афиши |
||
| 035 | _a(NLR Aleph) 012008583 | ||
| 090 |
_a47962 _c47962 |
||
| 100 | _a20190513d1944 u y0rusy50 ca | ||
| 101 | 0 | _arus | |
| 102 | _aRU | ||
| 105 | _ay z 000zy | ||
| 135 | _acrcn 024anaba | ||
| 200 | 1 |
_aСольный концерт солиста Государственного академического Большого театра Союза ССР заслуженного артиста Республики Владимира Ричардовича Сливинского. Вторник, 26 декабря 1944 г. _eпри участии лауреатов Всесоюзного конкурса В.Х. Разумовской (фортепиано), И.А. Шпильберга (скрипка) и В.С. Чернявского (художеств. чтение). Партия фортепиано - засл. арт. РСФСР С.О. Давыдова _e[афиша] _fЛенинградская государственная ордена Трудового Красного Знамени Филармония, Большой зал |
|
| 210 |
_a[Ленинград] _cТип. № 4 им. Григорьева Н. _d1944 |
||
| 215 |
_a1 л. _d57х69 |
||
| 300 | _aНачало концерта в 8 час. 30 мин. вечера. Вход в зал после 3-го звонка не допускается. Билеты продаются в кассе Филармонии ежедневно с 11 час. утра до 3 час. дня и с 4 час. дня до 8 час. вечера | ||
| 300 | _aЗак. № 1285 | ||
| 300 | _aВ конце афиши: Весь сбор поступит в Фонд обороны страны | ||
| 325 | _aКопия доступна в Электрон. б-ке РНБ | ||
| 540 | 1 | _aВесь сбор поступит в Фонд обороны страны | |
| 606 | 1 |
_aТеатральная жизнь _yЛенинград, город _z1941 - 1944 _jАфиши _2nlr_sh2 _3RU\NLR\AUTH\6601649837 |
|
| 686 | _aЩ333(2Р=Рус)7- 692Ленинград | ||
| 702 | 1 |
_aСливинский _bВ. Р. _cпевец, опера _f1894-1949 _gВладимир Ричардович _3RU\NLR\AUTH\770205965 _4005 |
|
| 702 | 1 |
_aРазумовская _bВ. Х. _cпианистка _f1904-1967 _gВера Харитоновна _3RU\NLR\AUTH\770205979 _4005 |
|
| 702 | 1 |
_aШпильберг _bИ. А. _cартист, скрипка _f1910-2000 _gИлья Абрамович _3RU\NLR\AUTH\770205987 _4005 |
|
| 702 | 1 |
_aЧернявский _bВ. С. _cартист, чтец _f1889-1948 _gВладимир Степанович _3RU\NLR\AUTH\770202820 _4005 |
|
| 702 | 1 |
_aДавыдова _bС. О. _cпианистка-ансамблистка _f1875- 1958 _gСофья Осиповна _3RU\NLR\AUTH\770205956 _4005 |
|
| 712 | 0 | 2 |
_aЛенинградская филармония им. Д. Д. Шостаковича _bБольшой зал _3RU\NLR\AUTH\880496902 _4570 |
| 852 |
_aNLR _jЛ3-330а/4/3/1944-дек.(13) |
||
| 856 | 0 | _uhttp://vivaldi.nlr.ru/la700000707/view | |
| 856 | 1 | _uhttp://vivaldi.nlr.ru/la700000707/cover | |
| 856 | 2 | _uhttp://vivaldi.nlr.ru/la700000707/text | |
| 942 | _cVISUAL | ||
| 945 | _aРоссийская национальная библиотека | ||
| 980 | _aNB | ||
| 980 | _aBV | ||
| 980 | 3 | _akplen | |
| 980 | 3 | _akp | |
| 981 | 3 | 7 |
_a(37) Ленинград в Великой Отечественной войне _b(37) Афиши блокадного Ленинграда |